Studio Ghibli Movies - Sudden Death - Statistics

General Stats
  • This quiz has been taken 840 times
  • The average score is 14 of 22
Answers on the Grid
Answers color-coded by a green-red scale on the quiz's grid according to % correct below.
Spirited Away
Grave of the Fireflies
Tokyo Godfathers
Howl's Moving Castle
Perfect Blue
5 Centimeters per Second
Princess Mononoke
Castle in the Sky
The Boy and the Beast
The Cat Returns
My Neighbor Totoro
Pom Poko
Ghost in the Shell
Kiki's Delivery Service
Mirai
The Boy and the Heron
Summer Wars
The Girl Who Leapt Through Time
Redline
Whisper of the Heart
Porco Rosso
Your Name
Only Yesterday
The Wind Rises
Millennium Actress
Paprika
The Red Turtle
Akira
Wolf Children
The Tale of the Princess Kaguya
Belle
Weathering with You
Ponyo
Tales from Earthsea
My Neighbors the Yamadas
Ninja Scroll
When Marnie Was There
Blue Giant
Wicked City
From Up on Poppy Hill
Suzume
Arrietty
 
Answer Stats
Answer % Correct
Spirited Away
97%
Howl's Moving Castle
94%
Princess Mononoke
90%
My Neighbor Totoro
86%
Kiki's Delivery Service
81%
Grave of the Fireflies
79%
The Boy and the Heron
79%
Ponyo
76%
Castle in the Sky
75%
Porco Rosso
66%
The Tale of the Princess Kaguya
61%
The Cat Returns
57%
The Wind Rises
57%
Arrietty
56%
Pom Poko
55%
Whisper of the Heart
54%
From Up on Poppy Hill
51%
When Marnie Was There
51%
Tales from Earthsea
49%
My Neighbors the Yamadas
45%
Only Yesterday
34%
The Red Turtle
31%
No matching quizzes found
Score Distribution
Percent of People with Each Score
Percentile by Number Answered
Your Score History
You have not taken this quiz